Zawodnicy którzy wygrali złotą piłkę, Ligę mistrzów oraz.. - Statystyki

Ogólne statystyki
  • Ten quiz został rozwiązany 1 911 razy
    262 od ostatniego zresetowania
  • Średni wynik to 6 z 9
Statystyki odpowiedzi
Narodowość Zawodnik % Poprawnych
Argentyna Lionel Messi
100%
Brazylia Ronaldinho
86%
Francja Zinedine Zidane
79%
Brazylia Kaka
70%
Niemcy Gerd Muller
68%
Brazylia Rivaldo
61%
Niemcy Franz Beckenbauer
54%
Anglia Bobby Charlton
50%
Włochy Paolo Rossi
28%
Nie znaleziono quizów pasujących do podanych kryteriów
Rozkład punktacji
Procent ludzi z każdym wynikiem
Percentyl według liczby udzielonych odpowiedzi
Twoja historia wyników
Nie rozwiązałeś tego quizu od ostatniego zresetowania